000 00672 a2200205 4500
010 _aENG-89943
020 _a9788190401432
_c400.00
035 _aEN-73476
037 _bDBAD / PUB
082 1 4 _a230.3
090 _c12041
_d12041
245 1 _aGod and I/
_bedited by Suresh Chand
260 _aDelhi
_bUniversal voice
_c2007
270 _a3421-A, ii Floor,Narang Colony,Tri nagar
_bDelhi
_e110035
_l011-27393083 , 329967505
300 _avii, 141p.:
_c22cm ( Hb.)
_bill.
500 _aIncludes index
700 1 _aSuresh Chand
942 _adpl
_cEN
_k230.3 / SUR
999 _c11687
_d11687